<?xml version="1.0" encoding="UTF-8"?><?xml-stylesheet type="text/xsl" href="static/style.xsl"?><OAI-PMH xmlns="http://www.openarchives.org/OAI/2.0/" xmlns:xsi="http://www.w3.org/2001/XMLSchema-instance" xsi:schemaLocation="http://www.openarchives.org/OAI/2.0/ http://www.openarchives.org/OAI/2.0/OAI-PMH.xsd"><responseDate>2026-04-29T00:59:54Z</responseDate><request verb="GetRecord" identifier="oai:repisalud.isciii.es:20.500.12105/10971" metadataPrefix="marc">https://repisalud.isciii.es/rest/oai/request</request><GetRecord><record><header><identifier>oai:repisalud.isciii.es:20.500.12105/10971</identifier><datestamp>2024-05-21T11:02:21Z</datestamp><setSpec>com_20.500.12105_2203</setSpec><setSpec>com_20.500.12105_2202</setSpec><setSpec>col_20.500.12105_19505</setSpec></header><metadata><record xmlns="http://www.loc.gov/MARC21/slim" xmlns:dcterms="http://purl.org/dc/terms/" xmlns:doc="http://www.lyncode.com/xoai" xmlns:xsi="http://www.w3.org/2001/XMLSchema-instance" xsi:schemaLocation="http://www.loc.gov/MARC21/slim http://www.loc.gov/standards/marcxml/schema/MARC21slim.xsd">
   <leader>00925njm 22002777a 4500</leader>
   <datafield ind2=" " ind1=" " tag="042">
      <subfield code="a">dc</subfield>
   </datafield>
   <datafield ind2=" " ind1=" " tag="720">
      <subfield code="a">Instituto de Salud Carlos III. Centro Nacional de Epidemiología</subfield>
      <subfield code="e">author</subfield>
   </datafield>
   <datafield ind2=" " ind1=" " tag="260">
      <subfield code="c">2019-10-13</subfield>
   </datafield>
   <datafield ind2=" " ind1=" " tag="520">
      <subfield code="a">En la semana 41/2019, segunda semana de vigilancia de la temporada 2019-20, la tasa global de incidencia de gripe es de 6,8 casos por 100.000 habitantes. Esta semana no se notifica ninguna detección viral centinela. Se identifican 4 detecciones VRS entre las 303 muestras analizadas (tasa de detección 1,3%).  En la zona templada del hemisferio sur, la actividad gripal fue baja, excepto en Chile, donde se observó una segunda onda de actividad gripal con predominio de virus B. En la zona templada del hemisferio norte la actividad gripal se encuentra en niveles interepidémicos. La mayoría de los virus de la gripe detectados a nivel global son del tipo A. En la semana 40/2019 la actividad gripal en Europa se mantuvo en niveles propios de intertemporada en todos los países. De las 212 muestras centinela enviadas, 9 (4%) fueron positivas. Tanto el virus tipo A como el tipo B fueron detectados.</subfield>
   </datafield>
   <datafield ind1="8" ind2=" " tag="024">
      <subfield code="a">http://hdl.handle.net/20.500.12105/10971</subfield>
   </datafield>
   <datafield tag="653" ind2=" " ind1=" ">
      <subfield code="a">Gripe</subfield>
   </datafield>
   <datafield tag="653" ind2=" " ind1=" ">
      <subfield code="a">Vigilancia Epidemiológica</subfield>
   </datafield>
   <datafield ind2="0" ind1="0" tag="245">
      <subfield code="a">Informe semanal de Vigilancia de la Gripe en España Semana 41/2019 (7– 13 de octubre de 2019) Nº 588. 17 de octubre de 2019</subfield>
   </datafield>
</record></metadata></record></GetRecord></OAI-PMH>